| Tag |
First Indicator |
Second Indicator |
Subfields |
| LEADER |
00000pam a2200000 i 4500 |
| 001 |
in00000064120 |
| 005 |
20151008051201.0 |
| 008 |
790809r19791951nyu b 00110 eng |
| 010 |
|
|
|a 79019899
|
| 020 |
|
|
|a 0374961433 :
|c $14.50
|
| 035 |
|
|
|a (OCoLC)05333684
|
| 035 |
|
|
|9 AAG6287AM
|
| 040 |
|
|
|a DLC
|c DLC
|d TXA
|d UtOrBLW
|
| 041 |
1 |
|
|a eng
|a rus
|
| 043 |
|
|
|a n-us-ak
|a n-us---
|a n-cn---
|
| 049 |
|
|
|a TXAM
|c [1652916]
|
| 050 |
0 |
0 |
|a F907
|b .O3813 1979
|
| 082 |
0 |
|
|a 979.8
|
| 100 |
1 |
|
|a Okunʹ, Semen Bent︠s︡ionovich.
|
| 240 |
1 |
0 |
|a Rossiĭsko-amerikanskai︠a︡ kompanii︠a︡.
|l English
|
| 245 |
1 |
4 |
|a The Russian-American Company /
|c S. B. Okun ; edited, with intord., by B. D. Grekov ; translated from the Russian by Carl Ginsburg ; pref. by Robert J. Kerner.
|
| 264 |
|
1 |
|a New York :
|b Octagon books,
|c 1979.
|
| 300 |
|
|
|a viii, 311 pages ;
|c 23 cm.
|
| 336 |
|
|
|a text
|b txt
|2 rdacontent
|
| 337 |
|
|
|a unmediated
|b n
|2 rdamedia
|
| 338 |
|
|
|a volume
|b nc
|2 rdacarrier
|
| 500 |
|
|
|a Translation of Rossiisko-amerikanskaia kompaniia.
|
| 500 |
|
|
|a Reprint of the 1951 edition published by Harvard University Press, Cambridge and issued as volume [9] of the Russian Translation Project Series of the American Council of Learned Societies.
|
| 504 |
|
|
|a Includes bibliographical reference and index.
|
| 610 |
2 |
0 |
|a Rossiĭsko-amerikanskai︠a︡ kompanii︠a︡, Leningrad.
|
| 651 |
|
0 |
|a Alaska
|x History
|y To 1867.
|
| 651 |
|
0 |
|a Northwest Coast of North America
|x History.
|
| 830 |
|
0 |
|a Russian Translation Project series of the American Council of Learned Societies ;
|v 9.
|
| 999 |
|
|
|a MARS
|
| 999 |
f |
f |
|s ada72288-8f3c-31c3-a5bc-bdb266d61be5
|i cac237a0-1233-301f-a7c4-8e9306f23f67
|t 0
|
| 952 |
f |
f |
|p ric
|a Texas A&M University
|b Rellis Campus
|c Joint Library Facility
|d Remote Storage
|t 0
|e F907 .O3813 1979
|h Library of Congress classification
|i unmediated -- volume
|m A14802327081
|
| 998 |
f |
f |
|a F907 .O3813 1979
|t 0
|l Remote Storage
|